| 000 | 00626nam a2200193 a 4500 | ||
|---|---|---|---|
| 001 | 63130 | ||
| 005 | 20180714065432.0 | ||
| 008 | 150701s1999 sp 000 0 spa d | ||
| 100 | 1 |
_aDiadoco _cObispo de Fótice _dsiglo 5°. |
|
| 245 | 1 | 0 | _aObras completas. |
| 264 | 1 |
_aEspaña : _bEditorial Ciudad Nueva ; _c1999 |
|
| 300 |
_a200 páginas : ; _c21 cm. |
||
| 336 |
_atexto _2rdacontent |
||
| 337 |
_asin mediación _2rdamedia |
||
| 338 |
_avolumen _2rdacarrier |
||
| 490 | 0 |
_aBiblioteca de patrística _v47 |
|
| 650 | 4 |
_aVida espiritual _xAutores católicos |
|
| 650 | 4 |
_aVida espiritual _xPadres de la iglesia |
|
| 999 |
_c63130 _d63130 |
||